000 00727nam a22001457a 4500
999 _c524826
_d524826
008 240118b ||||| |||| 00| 0 eng d
100 _aSekhar, Neerja
_948163
245 _aEase of filming in India
260 _aYojana
300 _a68(1), Jan, 2024: p.29-35
520 _aThe ease of filming framework is best implemented by bringing all state/UT governments on board. Since inception, the FFO has been working closely with the state governments and union territory administrations for introducing policies and procedures that world enable and facilitate the filmmakers, both domestic and international to produce films in the states. – Reproduced
773 _aYojana
906 _aMASS MEDIA
942 _cAR